00239 a2200109 4500001000700000020000600007040001100013100002500024240003800049245003300087362000900120177761 a  cMagnum aHewavisenti, Lakshmi10aMatematica divertida: contaslpor10aMatematica divertida: contas0 a1899